Parcours Paris Saint-Germain (PSG) - LDC 2025/26 - Statistiques

Statistiques générales
  • Ce quiz a été pris 69 fois
  • Le résultat moyen est 15 sur 17
Statistiques - réponses
Score Adversaire % Correct
Journée 4 1-2 Bayern Munich
100%
Demi-finale aller 5-4 Bayern Munich
100%
Demi-finale retour 1-1 Bayern Munich
100%
Finale 1-1 (4-3) Arsenal
98%
Quart de finale aller 2-0 FC Liverpool
97%
Quart de finale retour 2-0 FC Liverpool
97%
Huitième de finale aller 5-2 Chelsea
95%
Huitième de finale retour 3-0 Chelsea
95%
Barrages aller 3-2 AS Monaco
93%
Barrages retour 2-2 AS Monaco
93%
Journée 3 7-2 Bayer Leverkusen
87%
Journée 2 2-1 FC Barcelone
82%
Journée 7 1-2 Sporting CP
82%
Journée 1 4-0 Atalanta Bergame
77%
Journée 5 5-3 Tottenham
75%
Journée 6 0-0 Athletic Bilbao
58%
Journée 8 1-1 Newcastle
52%
Aucun quiz correspondant
Distribution des résultats
% des personnes avec chaque résultat
Percentile par nombre de réponses
Votre historique - résultats
Vous n’avez pas pris ce quiz